000 01512nam1a22003851i 4500
001 v19\rc\1321801
005 20260406063142.0
035 _a(NLR Aleph) 004475952
090 _a4583347
_c4583347
100 _a20060512d1834 |||y0rusy50 ca
101 1 _arus
_clat
102 _aRU
105 _ay z |||||
200 1 _aМарка Фабия Квинтилиана Двенадцать книг риторических наставлений
_fПер. с лат. Рос. акад. чл. Александром Никольским и оною Акад. изд. Ч. 1-2
210 _aСанкт-Петербург
_d1834
215 _a2 т.
_d23
517 0 _aДвенадцать книг риторических наставлений
700 1 _4570
_8rus
_7ca
_aКвинтилиан
_bМ. Ф.
_fок.35-ок.96
_gМарк Фабий
_3RU\NLR\AUTH\7713255
_9122948
702 1 _4730
_7ca
_8rus
_aНикольский
_bА. С.
_cписатель
_f1755-1834
_gАлександр Сергеевич
_9237504
_3RU\NLR\AUTH\770237560
801 0 _aRU
_bNLR
_gpsbo
801 0 _aRU
_bRuMoRGB
_2psbo
801 1 _aRU
_bProSoft-M
_2rusmarc
852 _aNLR
_j18.50.4.45
852 _aNLR
_j133/56
852 _aNLR
_bМф
_jК1/15864
852 _aNLR
_j+Шифры разные
899 _aRuMoRGB
_jW 332/116
899 _aRuMoRGB
_jR 142/66
899 _aRuMoRGB
_jU 350/77
899 _aRuMoRGB
_jКл 24/254
899 _aБАН
899 _aГПИБ
899 _aНБ МГУ
942 _cBOOK